000 01224nam a2200301 a 4500
001 2124
003 BD-RjUL
005 20211208233504.0
008 190217s1959 ii 000 0 eng u
020 _c: IRs. 40.00
035 _a(BD-RjUL)2151
040 _cOUN
_dm.c.
_dRCD
_aBD-RjUL
_beng
041 _aeng
082 _223
_a016.95403
_bSHI 1959
100 1 _aSharma, Jagdish Saran,
_d1924-1993.
_9228318
245 1 0 _aIndian National Congress:
_ba descriptive bibliography of India's struggle for freedom /
_cby Jagdish Saran Sharma ; Foreword by U. N. Dhebar ; Preface by Shriman Narayan.
260 _aDelhi:
_bS. Chand & Co.,
_c1959.
300 _axxxviii, 816 p. ;
_c25 cm.
490 1 _aNational bibliographies ;
_vno. 3
500 _a"Presented to Shri U. N. Dhebar on the 64th session of the Indian National Congress at Nagpur on Jan. 6th, 1959."
650 _aNationalism
_zIndia
_xBibliography
_9228319
650 _aIndian National Congress
_xBibliography
_9228320
650 _aFreedom Movement
_zIndia
_xBibliography
_9228321
700 _aDhebar, U. N. , Foreworder
_9168386
700 _aNarayan, Shriman, Prefacer
_9228324
830 0 _aNational bibliographies ;
_vno. 3.
_9228325
942 _2ddc
_cREF
999 _c2124
_d2124